00341nam a2200133Ia 4500008004100000041000800041082001900049100002000068245005500088260002000143300000800163365001600171700002000187230718s9999 xx 000 0 und d aeng a658.4'092bBAL aBalakrishnan A. aThe Wave RiderbA Chronicle Of The Information Age c2012bMacmillan a213 cRs.b599.00 aBalakrishnan A.